Ďalšie vzdelávanie učiteľov základných škôl a stredných škôl v predmete informatika digitálna gramotnosť 2 : línia: Digitálna gramotnosť učiteľa : Európsky sociálny fond : moderné vzdelávanie pre vedomostnú spoločnosť/projekt je spolufinancovaný zo zdrojov ES

Bibliographic Details
Main Authors: Chalachánová, Martina (Author), Jašková, Ľudmila, 1964- (Author), Mesárošová, Miroslava (Author), Tomcsányiová, Monika (Author), Salanci, Ľubomír, 1974- (Author), Blaho, Andrej, 1957- (Author)
Format: Book
Language:Slovak
PhysicalDescription:28 s. fotogr., ilustr. 30 cm
Published: Bratislava Štátny pedagogický ústav 2009
ISBN:9788081180019
Edition:1. vyd.
Subjects:

MARC

LEADER 00000cam a2200000 a 4500
001 vtls010031991
003 SK-MaSNL
005 20260301172210.0
008 180730s2009 xo oa g 000 0 slo
015 |a SNBA2010/06-03038 
020 |a 9788081180019  |q (brož.) 
035 |a FA052003-F265-4FD1-969C-FCD5DFF13C4D 
035 |a urn:nbn:sk:snk-amjwl5 
035 |a urn:nbn:sk:snk-am007xou 
040 |a SNK  |b slo  |c SNK  |e AACR2 
041 0 |a slo 
044 |a xo  |c SK 
072 7 |a 004  |x Počítačová veda. Výpočtová technika. Informačné technológie  |2 konspekt 
072 7 |a 377  |x Odborné vzdelávanie  |2 konspekt 
080 |a 007+004  |2 2001 
080 |a 37.03:004  |2 2001 
080 |a 377.8  |2 2001 
080 |a 373.3  |2 001 
080 |a 373.5/.6+377.1/.3  |2 2001 
080 |a 005.591  |2 2001 
080 |a (072)  |2 2001 
245 0 0 |a Ďalšie vzdelávanie učiteľov základných škôl a stredných škôl v predmete informatika  |b digitálna gramotnosť 2 : línia: Digitálna gramotnosť učiteľa : Európsky sociálny fond : moderné vzdelávanie pre vedomostnú spoločnosť/projekt je spolufinancovaný zo zdrojov ES  |c [Martina, Chalachánová ... [et al.]] 
246 3 0 |a Digitálna gramotnosť  |n 2 
250 |a 1. vyd. 
260 |a Bratislava  |b Štátny pedagogický ústav  |c 2009 
300 |a 28 s.  |b fotogr., ilustr.  |c 30 cm 
366 |e 449 výt. 
500 |a Vydané v súčinnosti s UPJŠ v Košiciach, UK v Bratislave, UKF v Nitre, UMB v Banskej Bystrici a ŽU v Žiline 
500 |a Náz. z obalu 
504 |a Bibliogr. s. 27. 
650 0 7 |a informatika  |2 SNKPH  |9 1124 
650 0 7 |a vzdelávanie učiteľov  |2 SNKPH  |9 4031 
650 0 7 |a programy a projekty  |2 SNKPH  |9 82765 
650 0 7 |a Informatics  |2 SNKPHeng  |9 267334 
650 0 7 |a počítačová gramotnosť  |2 SNKPH  |9 71744 
650 0 7 |a základné školy  |2 SNKPH  |9 1280 
650 0 7 |a stredné školy  |2 SNKPH  |9 1279 
650 0 7 |a Computer literacy  |2 SNKPHeng  |9 319760 
650 0 7 |a Teacher education  |2 SNKPHeng  |9 277890 
650 0 7 |a Elementary schools  |2 SNKPHeng  |9 265049 
650 0 7 |a Secondary schools  |2 SNKPHeng  |9 267200 
650 0 7 |a Programs and projects  |2 SNKPHeng  |9 274896 
655 7 |a metodické príručky  |2 SNKPH  |9 70250 
655 7 |a Methodological manuals  |2 SNKPHeng  |9 270866 
700 1 |a Chalachánová, Martina  |4 aut  |9 15435 
700 1 |a Jašková, Ľudmila,  |d 1964-  |4 aut  |9 197962 
700 1 |a Mesárošová, Miroslava  |4 aut  |9 334284 
700 1 |a Tomcsányiová, Monika  |4 aut  |9 47397 
700 1 |a Salanci, Ľubomír,  |d 1974-  |4 aut  |9 221967 
700 1 |a Blaho, Andrej,  |d 1957-  |4 aut  |9 93125 
852 |a Štátna vedecká knižnica v Banskej Bystrici 
919 |a 978-80-8118-001-9 
958 |a OND 
958 |a NB 
968 |d 0 
999 |c 832639  |d 834569 
952 |a SNK  |b SNK  |y PREZ  |7 0  |p 17A0640759  |o snkSB 78828/2  |i snk2010/279  |8 0  |0 0  |1 0  |4 0  |d 2010-01-08  |f 1  |l 0  |r 2025-04-29 00:00:00  |w 2026-02-24 
952 |a SNK  |b SNK  |y VYP  |7 0  |p 17A0640758  |o snkSB 78828/2 D1  |i snk2010/280  |8 0  |z Digitalizovaný  |0 0  |1 0  |4 0  |d 2010-01-08  |l 0  |r 2016-06-30 00:00:00  |w 2026-02-24